2020年から2025年までに人口増加した市区町村クイズ - Statistics

General Stats
  • This quiz has been taken 17 times
  • The average score is 70 of 180
Answer Stats
都道府県 市区町村名 % Correct
大阪府 大阪市
100%
福岡県 福岡市
93%
埼玉県 さいたま市
93%
神奈川県 川崎市
93%
千葉県 流山市
93%
東京都 新宿区
93%
東京都 港区
93%
東京都 品川区
93%
東京都 千代田区
93%
東京都 渋谷区
93%
茨城県 つくば市
86%
東京都 中央区
86%
東京都 江東区
86%
東京都 墨田区
86%
千葉県 千葉市
86%
千葉県 柏市
86%
愛知県 名古屋市
86%
千葉県 市川市
86%
東京都 立川市
86%
埼玉県 蕨市
86%
東京都 西東京市
86%
東京都 北区
79%
大阪府 吹田市
79%
東京都 文京区
79%
東京都 豊島区
79%
東京都 大田区
79%
東京都 中野区
79%
東京都 葛飾区
79%
千葉県 船橋市
79%
東京都 世田谷区
79%
千葉県 印西市
79%
滋賀県 草津市
79%
千葉県 浦安市
79%
埼玉県 川口市
79%
東京都 東村山市
79%
東京都 武蔵野市
79%
東京都 台東区
71%
東京都 板橋区
71%
東京都 練馬区
71%
東京都 荒川区
71%
東京都 国分寺市
71%
東京都 調布市
71%
大阪府 茨木市
71%
千葉県 松戸市
71%
東京都 小金井市
71%
千葉県 成田市
71%
東京都 三鷹市
71%
東京都 目黒区
71%
東京都 江戸川区
71%
東京都 足立区
64%
東京都 杉並区
64%
神奈川県 藤沢市
64%
兵庫県 明石市
64%
沖縄県 うるま市
64%
埼玉県 和光市
64%
神奈川県 大和市
57%
神奈川県 海老名市
57%
東京都 稲城市
57%
埼玉県 草加市
57%
東京都 日野市
57%
東京都 小平市
57%
東京都 府中市
57%
茨城県 つくばみらい市
57%
茨城県 守谷市
57%
福岡県 糸島市
57%
千葉県 野田市
57%
沖縄県 宜野湾市
57%
千葉県 八千代市
50%
埼玉県 朝霞市
50%
長崎県 大村市
50%
大阪府 箕面市
50%
埼玉県 戸田市
50%
沖縄県 名護市
50%
埼玉県 八潮市
50%
東京都 清瀬市
50%
千葉県 鎌ケ谷市
50%
神奈川県 茅ヶ崎市
43%
福岡県 福津市
43%
東京都 昭島市
43%
福岡県 大野城市
43%
滋賀県 守山市
43%
埼玉県 富士見市
43%
埼玉県 上尾市
43%
千葉県 四街道市
43%
熊本県 菊陽町
43%
茨城県 阿見町
36%
愛知県 長久手市
36%
京都府 京田辺市
36%
千葉県 木更津市
36%
広島県 海田町
36%
沖縄県 豊見城市
36%
福岡県 粕屋町
36%
埼玉県 新座市
36%
熊本県 合志市
29%
愛知県 日進市
29%
石川県 野々市市
29%
熊本県 大津町
29%
熊本県 益城町
29%
滋賀県 栗東市
29%
愛知県 刈谷市
29%
沖縄県 南城市
21%
広島県 東広島市
21%
福岡県 筑紫野市
21%
沖縄県 八重瀬町
21%
沖縄県 南風原町
21%
沖縄県 中城村
21%
沖縄県 読谷村
21%
佐賀県 鳥栖市
21%
京都府 木津川市
21%
沖縄県 北中城村
21%
沖縄県 宮古島市
21%
千葉県 袖ケ浦市
14%
大阪府 島本町
14%
福岡県 筑前町
14%
京都府 長岡京市
14%
埼玉県 東松山市
14%
福岡県 須恵町
14%
愛知県 大治町
14%
山梨県 富士河口湖町
14%
愛知県 知立市
14%
沖縄県 恩納村
14%
京都府 大山崎町
14%
愛知県 大府市
14%
沖縄県 西原町
14%
愛知県 豊山町
14%
福岡県 苅田町
14%
岐阜県 瑞穂市
7%
長野県 軽井沢町
7%
三重県 川越町
7%
石川県 かほく市
7%
岐阜県 岐南町
7%
福岡県 大刀洗町
7%
神奈川県 開成町
7%
熊本県 西原村
7%
岐阜県 美濃加茂市
7%
沖縄県 北谷村
7%
福岡県 久山町
7%
兵庫県 播磨町
7%
鳥取県 日吉津村
7%
岐阜県 北方町
7%
三重県 朝日町
7%
山梨県 山中湖村
7%
愛知県 扶桑町
7%
群馬県 吉岡町
0%
長野県 御代田町
0%
山梨県 昭和町
0%
北海道 南幌町
0%
熊本県 嘉島町
0%
徳島県 北島町
0%
福島県 西郷村
0%
鹿児島県 姶良市
0%
沖縄県 宜野座村
0%
熊本県 御船町
0%
北海道 東川町
0%
山梨県 南アルプス市
0%
佐賀県 上峰町
0%
長野県 南箕輪村
0%
宮城県 名取市
0%
山梨県 甲斐市
0%
埼玉県 滑川町
0%
奈良県 葛城市
0%
佐賀県 基山町
0%
長野県 川上村
0%
北海道 恵庭市
0%
岐阜県 富加町
0%
岡山県 総社市
0%
富山県 舟橋村
0%
北海道 占冠村
0%
岐阜県 坂祝町
0%
長野県 南牧村
0%
北海道 ニセコ町
0%
和歌山県 上富田町
0%
岡山県 早島町
0%
北海道 赤井川村
0%
島根県 海士町
0%
福岡県 小郡市
0%
福島県 大玉村
0%
沖縄県 金武町
0%
長野県 原村
0%
佐賀県 みやき町
0%
No matching quizzes found
Score Distribution
Percent of People with Each Score
Percentile by Number Answered
Your Score History
You have not taken this quiz